1 mot = 1 ville française (2) - Statistiques

Statistiques générales
  • Ce quiz a été pris 192 fois
  • Le résultat moyen est 10 sur 18
Statistiques - réponses
Mot Ville % Correct
Circuit Le Mans / Nevers
94%
Piment Espelette
90%
Jambon Bayonne / Paris
81%
BD Angoulême
71%
Michelin Clermont-Ferrand
68%
Porcelaine Limoges
68%
Citron Menton
68%
Stanislas Nancy
62%
Parapluie Aurillac / Cherbourg
60%
Calisson Aix-en-Provence
59%
Conteneur Le Havre
55%
Pastille Vichy
53%
Melon Cavaillon
52%
Marionnettes Charleville-Mézières / Lyon
48%
Menhir Carnac
46%
Assurances Niort
23%
Pipe Saint-Claude
23%
Dentelle Alençon
13%
Aucun quiz correspondant
Distribution des résultats
% des personnes avec chaque résultat
Percentile par nombre de réponses
Votre historique - résultats
Vous n’avez pas pris ce quiz